[Event "11. Europa ch 2010 Femenino"]
[Site "Rijeka CRO"]
[Date "2010.03.11"]
[Round "6.24"]
[White "Foisor, Cristina Adela B"]
[Black "Purtseladze, Maka"]
[Result "1/2-1/2"]
[WhiteElo "2433"]
[BlackElo "2299"]
[PlyCount "170"]
[EventDate "2010.03.06"]
[EventType "swiss"]
[EventRounds "11"]
[EventCountry "CRO"]
[Source "lmi"]
[SourceDate "2010.03.06"]

1. Nf3 Nf6 2. g3 b5 3. Bg2 Bb7 4. O-O e6 5. b3 c5 6. c4 a6 7. Bb2 Be7 8. d3 Qb6
9. Nbd2 O-O 10. e3 Nc6 11. Qe2 d5 12. Rab1 Rfd8 13. Rfd1 dxc4 14. dxc4 Qc7 15.
a3 b4 16. axb4 Nxb4 17. Ne5 Bxg2 18. Kxg2 Ne8 19. Ndf3 Qb7 20. h4 f6 21. Nd3
Nxd3 22. Rxd3 Rxd3 23. Qxd3 Rd8 24. Qc2 Nd6 25. Bc3 Ne4 26. Ba5 Rb8 27. Kh2 Bd8
28. Be1 a5 29. Ra1 Bc7 30. Nd2 Nxd2 31. Bxd2 Qf3 32. Bxa5 Be5 33. Ra2 Rb7 34.
Qd3 Kf7 35. Be1 f5 36. Kg1 Ke7 37. Rd2 Kf7 38. Qd8 Qc6 39. Rd1 Bf6 40. Qa8 Qe4
41. h5 Be7 42. h6 gxh6 43. Qh8 Kg6 44. Qe8+ Kg5 45. Kh2 Kg4 46. Rd7 Rxd7 47.
Qxd7 Bg5 48. Qd1+ Qf3 49. Qd2 e5 50. b4 cxb4 51. Qxb4 Qe2 52. Qd2 Qxd2 53. Bxd2
Kf3 54. Kg1 Be7 55. Kf1 h5 56. Ba5 Bc5 57. Bc7 e4 58. Bd8 Kg4 59. Kg2 f4 60.
exf4 Kf5 61. Ba5 h4 62. gxh4 Kxf4 63. Bd2+ Kg4 64. Be3 Bd6 65. Bb6 Kxh4 66. c5
Be5 67. c6 Kg4 68. c7 Bxc7 69. Bxc7 h5 70. Bb6 Kh4 71. Bc7 Kg4 72. Bd6 h4 73.
Bc5 h3+ 74. Kh1 Kf3 75. Kg1 Kf4 76. Kh2 Kg4 77. Bd4 Kh4 78. Bc3 Kg4 79. Bd2 Kf3
80. Be3 Kg4 81. Kh1 Kf3 82. Kg1 Kg4 83. Bc5 Kf3 84. Bd4 Kg4 85. Kh2 Kh4 1/2-1/2

[Event "11. Europa ch 2010 Femenino"]
[Site "Rijeka CRO"]
[Date "2010.03.11"]
[Round "6.25"]
[White "Romanko Guseva, Marina"]
[Black "Vojinovic, Jovana"]
[Result "1-0"]
[WhiteElo "2409"]
[BlackElo "2296"]
[PlyCount "77"]
[EventDate "2010.03.06"]
[EventType "swiss"]
[EventRounds "11"]
[EventCountry "CRO"]
[Source "lmi"]
[SourceDate "2010.03.06"]

1. d4 Nf6 2. c4 g6 3. Nf3 Bg7 4. g3 O-O 5. Bg2 d6 6. O-O Nbd7 7. Nc3 e5 8. e4
exd4 9. Nxd4 Re8 10. Re1 Nc5 11. h3 Bd7 12. Rb1 h6 13. Kh2 a6 14. b4 Ne6 15.
Be3 Ng5 16. f3 Qc8 17. h4 Ne6 18. Nd5 Nxd4 19. Bxd4 Qd8 20. f4 Nxd5 21. cxd5
Bg4 22. Qd2 Re7 23. Bxg7 Kxg7 24. a4 Kh7 25. a5 Qh8 26. Rbc1 Rae8 27. Rc4 Qg7
28. Qc2 f6 29. Rc1 f5 30. h5 fxe4 31. hxg6+ Qxg6 32. Rxc7 Bf5 33. Re1 Kg8 34.
Rxe7 Rxe7 35. Re3 Qf7 36. Qd1 Qg7 37. Bh3 Qf6 38. Qh5 Qb2+ 39. Re2 1-0

[Event "11. Europa ch 2010 Femenino"]
[Site "Rijeka CRO"]
[Date "2010.03.11"]
[Round "6.27"]
[White "Dolzhikova, Kateryna"]
[Black "Milliet, Sophie"]
[Result "1/2-1/2"]
[WhiteElo "2290"]
[BlackElo "2391"]
[PlyCount "30"]
[EventDate "2010.03.06"]
[EventType "swiss"]
[EventRounds "11"]
[EventCountry "CRO"]
[Source "lmi"]
[SourceDate "2010.03.06"]

1. e4 c5 2. Nf3 e6 3. c3 d5 4. exd5 Qxd5 5. d4 Nf6 6. Bd3 Be7 7. O-O O-O 8. Bg5
Nc6 9. c4 Qd6 10. dxc5 Qxc5 11. a3 Rd8 12. Nc3 Ne5 13. Be3 Qd6 14. Nxe5 Qxe5
15. Qe2 Bd7 1/2-1/2

[Event "11. Europa ch 2010 Femenino"]
[Site "Rijeka CRO"]
[Date "2010.03.11"]
[Round "6.28"]
[White "Melnikova, Yana"]
[Black "Zdebskaja, Natalia"]
[Result "1/2-1/2"]
[WhiteElo "2272"]
[BlackElo "2390"]
[PlyCount "48"]
[EventDate "2010.03.06"]
[EventType "swiss"]
[EventRounds "11"]
[EventCountry "CRO"]
[Source "lmi"]
[SourceDate "2010.03.06"]

1. e4 c5 2. Nf3 d6 3. d4 Nf6 4. Nc3 cxd4 5. Nxd4 a6 6. Be3 e5 7. Nf3 Be7 8. Bc4
O-O 9. O-O Nc6 10. Bg5 Be6 11. Bb3 Nd7 12. Bxe7 Qxe7 13. Nd5 Qd8 14. Qe2 Nc5
15. Rad1 Rc8 16. Rd2 Nxb3 17. axb3 Bxd5 18. Rxd5 Ne7 19. Rd2 Qb6 20. Rfd1 Rc6
21. Nh4 f5 22. Nxf5 Nxf5 23. exf5 Rxf5 24. Qe4 Rf6 1/2-1/2

[Event "11. Europa ch 2010 Femenino"]
[Site "Rijeka CRO"]
[Date "2010.03.11"]
[Round "6.29"]
[White "Bojkovic, Natasa"]
[Black "Arabidze, Meri"]
[Result "1/2-1/2"]
[WhiteElo "2384"]
[BlackElo "2292"]
[PlyCount "63"]
[EventDate "2010.03.06"]
[EventType "swiss"]
[EventRounds "11"]
[EventCountry "CRO"]
[Source "lmi"]
[SourceDate "2010.03.06"]

1. e4 c6 2. d4 d5 3. exd5 cxd5 4. Bf4 Nc6 5. c3 Bf5 6. Nf3 a6 7. Nbd2 e6 8. Be2
Nf6 9. Nh4 Bg6 10. Nxg6 hxg6 11. h3 Bd6 12. Be3 Rc8 13. Bd3 Qc7 14. Nb3 Ne7 15.
O-O Nf5 16. Re1 Bh2+ 17. Kh1 Nxe3 18. Rxe3 Bf4 19. Re1 O-O 20. a4 Rfe8 21. Qf3
Bd6 22. g3 Qb6 23. Qd1 e5 24. dxe5 Rxe5 25. Rxe5 Bxe5 26. a5 Qe6 27. Kg2 Ne4
28. Qe2 f5 29. Re1 Qf6 30. Bb1 Kh7 31. Qd1 Qd8 32. Qf3 1/2-1/2

[Event "11. Europa ch 2010 Femenino"]
[Site "Rijeka CRO"]
[Date "2010.03.11"]
[Round "6.32"]
[White "Schut, Lisa"]
[Black "Motoc, Alina"]
[Result "1-0"]
[WhiteElo "2224"]
[BlackElo "2348"]
[PlyCount "78"]
[EventDate "2010.03.06"]
[EventType "swiss"]
[EventRounds "11"]
[EventCountry "CRO"]
[Source "lmi"]
[SourceDate "2010.03.06"]

1. e4 c5 2. Nf3 d6 3. d4 cxd4 4. Nxd4 Nf6 5. Nc3 a6 6. Bg5 e6 7. f4 Qc7 8. Bxf6
gxf6 9. Qd2 Nc6 10. O-O-O Bd7 11. Kb1 O-O-O 12. Bc4 Na5 13. Bb3 Kb8 14. Rhf1
Be7 15. f5 Nxb3 16. axb3 Bc8 17. Qe3 b5 18. b4 Bd7 19. Rf3 Rc8 20. Rg3 a5 21.
Rg7 e5 22. Nb3 axb4 23. Rxf7 Rhe8 24. Nd5 Qxc2+ 25. Ka2 Rc6 26. Nxb4 Qc4 27.
Nxc6+ Bxc6 28. Qb6+ Bb7 29. Rxe7 Qa4+ 30. Kb1 Qxe4+ 31. Ka2 Qa4+ 32. Kb1 Rxe7
33. Qd8+ Bc8 34. Rc1 Qe4+ 35. Rc2 Qb7 36. Qxd6+ Ka8 37. Rxc8+ Qxc8 38. Qxe7
Qxf5+ 39. Ka2 Qf1 1-0

[Event "11. Europa ch 2010 Femenino"]
[Site "Rijeka CRO"]
[Date "2010.03.11"]
[Round "6.33"]
[White "Ziaziulkina, Nastassia"]
[Black "Paikidze, Nazi"]
[Result "1-0"]
[WhiteElo "2188"]
[BlackElo "2322"]
[PlyCount "79"]
[EventDate "2010.03.06"]
[EventType "swiss"]
[EventRounds "11"]
[EventCountry "CRO"]
[Source "lmi"]
[SourceDate "2010.03.06"]

1. e4 c5 2. Nc3 d5 3. Nf3 Bg4 4. h3 Bxf3 5. Qxf3 e6 6. a3 Nd7 7. d3 g6 8. Be2
Bg7 9. O-O Ne7 10. Qg3 O-O 11. f4 Qc7 12. Kh1 b5 13. Qg5 Bf6 14. Qg3 Bg7 15.
Qg5 a5 16. Bd2 Bf6 17. Qg4 b4 18. Nd1 c4 19. h4 Bg7 20. Qg5 f5 21. Qxe7 Rf6 22.
e5 Bf8 23. exf6 Bxe7 24. fxe7 Re8 25. Bf3 Nf6 26. axb4 axb4 27. g3 Qxe7 28. Ne3
Qd6 29. Kg2 h5 30. Rfe1 Rc8 31. b3 Rc7 32. Ra4 Ne4 33. Bxe4 dxe4 34. Nxc4 Qc6
35. dxe4 Rd7 36. Kf2 Rd4 37. Raa1 Rxe4 38. Be3 e5 39. Nxe5 Qf6 40. Ra7 1-0

[Event "11. Europa ch 2010 Femenino"]
[Site "Rijeka CRO"]
[Date "2010.03.11"]
[Round "6.35"]
[White "Vasilevich, Tatjana"]
[Black "Mammadova, Gulnar"]
[Result "1/2-1/2"]
[WhiteElo "2414"]
[BlackElo "2299"]
[PlyCount "119"]
[EventDate "2010.03.06"]
[EventType "swiss"]
[EventRounds "11"]
[EventCountry "CRO"]
[Source "lmi"]
[SourceDate "2010.03.06"]

1. d4 d6 2. g3 g6 3. Bg2 Bg7 4. c4 Nf6 5. Nc3 O-O 6. h3 c6 7. e3 e5 8. Nge2 Be6
9. b3 Na6 10. O-O Ne8 11. Ba3 Qa5 12. Qc1 Rd8 13. dxe5 Bxe5 14. Nd4 Bc8 15. Rd1
c5 16. Nde2 Nac7 17. Bb2 Ng7 18. f4 Bf6 19. Ne4 Bxb2 20. Qxb2 Nce8 21. N2c3 f5
22. Ng5 Qc7 23. Bd5+ Kh8 24. Nb5 Qe7 25. Nxa7 Nf6 26. Nxc8 Rxc8 27. Qc3 h6 28.
Nf3 Kh7 29. Kg2 Rfe8 30. Rd2 Nxd5 31. Rxd5 Qxe3 32. Qxe3 Rxe3 33. Rxd6 Rce8 34.
Rf1 R8e7 35. Rd5 b6 36. Re5 R7xe5 37. Nxe5 Nh5 38. Nf3 Rc3 39. Rd1 Nf6 40. Rd2
Ne4 41. Re2 Kg7 42. g4 Rd3 43. Ne5 Rd1 44. h4 h5 45. gxh5 gxh5 46. Nf3 Ra1 47.
Ng5 Nc3 48. Re7+ Kg8 49. Rb7 Rxa2+ 50. Kf3 Ne2 51. Rb8+ Kg7 52. Rb7+ Kg8 53.
Nh7 Nd4+ 54. Ke3 Re2+ 55. Kd3 Re6 56. Ng5 Rd6 57. Rb8+ Kg7 58. Rb7+ Kg8 59.
Rb8+ Kg7 60. Rb7+ 1/2-1/2

[Event "11. Europa ch 2010 Femenino"]
[Site "Rijeka CRO"]
[Date "2010.03.11"]
[Round "6.36"]
[White "Lomineishvili, Maia"]
[Black "Guramishvili, Sopiko"]
[Result "0-1"]
[WhiteElo "2385"]
[BlackElo "2266"]
[PlyCount "58"]
[EventDate "2010.03.06"]
[EventType "swiss"]
[EventRounds "11"]
[EventCountry "CRO"]
[Source "lmi"]
[SourceDate "2010.03.06"]

1. d4 d5 2. c4 c6 3. Nc3 dxc4 4. e4 b5 5. a4 b4 6. Na2 Nf6 7. e5 Nd5 8. Bxc4 e6
9. Nf3 a5 10. O-O Ba6 11. b3 Be7 12. Bd2 O-O 13. Qe2 Bxc4 14. Qxc4 Qb6 15. Bg5
Nd7 16. Rac1 Rfc8 17. Bxe7 Nxe7 18. Ng5 Nf8 19. Ne4 Nf5 20. Nc5 Rd8 21. Rfd1
Rd5 22. g4 Nh4 23. f4 h5 24. h3 hxg4 25. hxg4 Nhg6 26. Qf1 Nd7 27. Qf2 Nxc5 28.
Rxc5 Qxc5 29. dxc5 Rxd1+ 0-1

[Event "11. Europa ch 2010 Femenino"]
[Site "Rijeka CRO"]
[Date "2010.03.11"]
[Round "6.38"]
[White "Girya, Olga"]
[Black "Lomako, Anna"]
[Result "1/2-1/2"]
[WhiteElo "2362"]
[BlackElo "2258"]
[PlyCount "120"]
[EventDate "2010.03.06"]
[EventType "swiss"]
[EventRounds "11"]
[EventCountry "CRO"]
[Source "lmi"]
[SourceDate "2010.03.06"]

1. c4 e6 2. d4 d5 3. Nc3 Nf6 4. Nf3 Nbd7 5. cxd5 exd5 6. Bg5 Be7 7. e3 O-O 8.
Bd3 c6 9. O-O Ne4 10. Bxe4 Bxg5 11. Bd3 Bh6 12. Qc2 g6 13. b4 Nb6 14. b5 cxb5
15. Nxb5 Be6 16. Nc7 Rc8 17. Nxe6 fxe6 18. Qb3 Rf7 19. Rac1 Rfc7 20. Rxc7 Qxc7
21. h4 Qc3 22. Qb1 Qc7 23. g3 Kh8 24. Kg2 Nc4 25. h5 g5 26. g4 a6 27. a4 Rb8
28. Qc2 b5 29. axb5 axb5 30. Rb1 Rb7 31. Ra1 Ra7 32. Rxa7 Qxa7 33. Qb1 Qb7 34.
Qb4 Kg8 35. Kf1 Bf8 36. Qb1 b4 37. Ke2 Bh6 38. Qb3 Na5 39. Qa4 Nc6 40. Bb5 Na7
41. Ba6 Qe7 42. Ne5 Bf8 43. Bd3 Nc8 44. Nd7 Kg7 45. Nc5 e5 46. Qxb4 Nd6 47.
dxe5 Nf7 48. Qb2 Qxc5 49. e6+ d4 50. exf7 Kxf7 51. Bxh7 dxe3 52. Bg6+ Kg8 53.
Qb3+ Kh8 54. fxe3 Qe5 55. Kf2 Bc5 56. Bf5 Kg7 57. Qd3 Bd6 58. Qd4 Kf6 59. h6
Bf8 60. h7 Bg7 1/2-1/2

[Event "11. Europa ch 2010 Femenino"]
[Site "Rijeka CRO"]
[Date "2010.03.11"]
[Round "6.39"]
[White "Nikolova, Adriana"]
[Black "Przezdziecka, Marta"]
[Result "0-1"]
[WhiteElo "2348"]
[BlackElo "2254"]
[PlyCount "79"]
[EventDate "2010.03.06"]
[EventType "swiss"]
[EventRounds "11"]
[EventCountry "CRO"]
[Source "lmi"]
[SourceDate "2010.03.06"]

1. e4 c5 2. Nf3 Nc6 3. Bb5 d6 4. O-O Bd7 5. c3 a6 6. Ba4 c4 7. Bc2 Bg4 8. b3
cxb3 9. axb3 Nf6 10. h3 Bxf3 11. Qxf3 g6 12. d4 Bg7 13. Be3 O-O 14. Qe2 Qc7 15.
f4 Rac8 16. Bd3 Nh5 17. Qf2 e5 18. Nd2 exf4 19. Bxf4 Nxf4 20. Qxf4 Nxd4 21.
Rac1 Ne6 22. Qh4 Qb6+ 23. Kh1 Qe3 24. Rf3 Qxd2 25. Rcf1 Rxc3 26. Qe7 Ng5 27.
R3f2 Qxd3 28. Qxg5 Qe3 29. Qd5 Qc5 30. Qxb7 Rc1 31. Rxc1 Qxc1+ 32. Kh2 Be5+ 33.
g3 Qe3 34. Rg2 a5 35. h4 h5 36. Kh3 Qc3 37. Kh2 Kg7 38. Qa7 Rc8 39. Qd7 Rc6 40.
Qe7 0-1

[Event "11. Europa ch 2010 Femenino"]
[Site "Rijeka CRO"]
[Date "2010.03.11"]
[Round "6.40"]
[White "Mamedjarova, Turkan"]
[Black "Kachiani Gersinska, Ketino"]
[Result "1-0"]
[WhiteElo "2269"]
[BlackElo "2346"]
[PlyCount "109"]
[EventDate "2010.03.06"]
[EventType "swiss"]
[EventRounds "11"]
[EventCountry "CRO"]
[Source "lmi"]
[SourceDate "2010.03.06"]

1. e4 c6 2. d4 d5 3. exd5 cxd5 4. Bd3 Nc6 5. c3 Nf6 6. Bf4 g6 7. Nf3 Bg7 8. O-O
O-O 9. h3 Bf5 10. Bxf5 gxf5 11. Ne5 Ne4 12. Nd2 e6 13. f3 Nd6 14. Re1 Ne7 15.
Kh1 Ng6 16. Bh2 b5 17. a4 a6 18. axb5 Nxb5 19. Nb3 Nxe5 20. dxe5 Qc7 21. Ra4
Rfd8 22. g4 d4 23. c4 Na7 24. gxf5 exf5 25. e6 Qc6 26. exf7+ Kxf7 27. Ra5 Kg8
28. Rc5 Qh6 29. Rc7 Kh8 30. Ree7 Bf6 31. Rxa7 Rxa7 32. Rxa7 Qxh3 33. Nd2 d3 34.
Qe1 Bxb2 35. Rd7 Rg8 36. Qf2 a5 37. Nf1 Bf6 38. Rxd3 a4 39. Ra3 Ra8 40. c5 f4
41. c6 Qe6 42. c7 Qc4 43. Ra2 Qxc7 44. Bg1 Qb7 45. Nh2 a3 46. Qc5 Qe7 47. Qc6
Rg8 48. Rxa3 Bb2 49. Ra8 Rxa8 50. Qxa8+ Kg7 51. Qc8 h5 52. Qf5 Qf7 53. Qg5+ Kh7
54. Nf1 Bc3 55. Bh2 1-0

[Event "11. Europa ch 2010 Femenino"]
[Site "Rijeka CRO"]
[Date "2010.03.11"]
[Round "6.42"]
[White "Kashlinskaya, Alina"]
[Black "Haast, Anne"]
[Result "1-0"]
[WhiteElo "2332"]
[BlackElo "2235"]
[PlyCount "99"]
[EventDate "2010.03.06"]
[EventType "swiss"]
[EventRounds "11"]
[EventCountry "CRO"]
[Source "lmi"]
[SourceDate "2010.03.06"]

1. d4 Nf6 2. c4 c5 3. d5 e6 4. Nc3 exd5 5. cxd5 d6 6. g3 g6 7. Bg2 Bg7 8. Nf3
O-O 9. O-O a6 10. a4 Nbd7 11. Nd2 Nh5 12. Nc4 Ne5 13. Nxe5 Bxe5 14. f4 Bg7 15.
e4 Bd4+ 16. Kh1 Nf6 17. Bd2 Re8 18. e5 dxe5 19. fxe5 Bxe5 20. Bg5 h6 21. Bxf6
Bxf6 22. Qf3 Kg7 23. Ne4 Rxe4 24. Qxe4 Bf5 25. Qf3 h5 26. Rac1 Bd4 27. b3 Qd7
28. Qf4 b5 29. b4 Re8 30. bxc5 Be3 31. Qb4 Bxc1 32. Rxc1 Re2 33. c6 Qe8 34.
Qd4+ Kh7 35. axb5 axb5 36. h4 b4 37. d6 Rxg2 38. Kxg2 Be4+ 39. Kf2 Bxc6 40.
Qxb4 Qa8 41. Kg1 Bd5 42. Qd2 Qa3 43. Kh2 Be6 44. Rc7 Qf3 45. d7 Qf5 46. Kg1 Qg4
47. Qd3 Qb4 48. d8=Q Qe1+ 49. Kg2 Bh3+ 50. Kh2 1-0

[Event "11. Europa ch 2010 Femenino"]
[Site "Rijeka CRO"]
[Date "2010.03.11"]
[Round "6.43"]
[White "Tsatsalashvili, Ketevan"]
[Black "Gromova, Iulia"]
[Result "0-1"]
[WhiteElo "2326"]
[BlackElo "2226"]
[PlyCount "76"]
[EventDate "2010.03.06"]
[EventType "swiss"]
[EventRounds "11"]
[EventCountry "CRO"]
[Source "lmi"]
[SourceDate "2010.03.06"]

1. d4 Nf6 2. c4 g6 3. Nc3 Bg7 4. e4 d6 5. Nf3 O-O 6. Be2 e5 7. O-O Nc6 8. d5
Ne7 9. Nd2 a5 10. a3 Nd7 11. Ra2 f5 12. b4 Kh8 13. f3 Ng8 14. Qc2 f4 15. Na4
Rf7 16. c5 Bf8 17. Bb2 h5 18. Nc4 g5 19. c6 bxc6 20. dxc6 Ndf6 21. Nxa5 g4 22.
Rd1 Qe7 23. Bc3 g3 24. h3 Nh7 25. Bf1 Rg7 26. Qd3 Qh4 27. Be1 Ngf6 28. Nc3 Ng5
29. Nc4 Be6 30. Nd5 Nxd5 31. exd5 e4 32. fxe4 Bg4 33. Bc3 f3 34. Bf6 Be7 35.
Bxg7+ Kxg7 36. Ne3 f2+ 37. Kh1 Nxh3 38. gxh3 Bf3+ 0-1

[Event "11. Europa ch 2010 Femenino"]
[Site "Rijeka CRO"]
[Date "2010.03.11"]
[Round "6.44"]
[White "Zimina, Olga"]
[Black "Isgandarova, Khayala"]
[Result "0-1"]
[WhiteElo "2319"]
[BlackElo "2224"]
[PlyCount "128"]
[EventDate "2010.03.06"]
[EventType "swiss"]
[EventRounds "11"]
[EventCountry "CRO"]
[Source "lmi"]
[SourceDate "2010.03.06"]

1. e4 e6 2. d4 d5 3. Nd2 Nf6 4. e5 Nfd7 5. Bd3 c5 6. c3 Nc6 7. Ne2 cxd4 8. cxd4
f6 9. exf6 Qxf6 10. Nf3 h6 11. O-O Bd6 12. Ng3 O-O 13. Be2 Rd8 14. Re1 Nf8 15.
Ne5 Qh4 16. f4 Bxe5 17. dxe5 Bd7 18. Bd2 Rac8 19. Rc1 Be8 20. Kh1 g6 21. Bd3
Nd4 22. Kg1 Nf5 23. Qf3 Nd7 24. Bb4 Rxc1 25. Rxc1 Nxe5 26. fxe5 Qxb4 27. Nxf5
gxf5 28. Qg3+ Qg4 29. Qxg4+ fxg4 30. Rc7 Rd7 31. Rc8 Kf7 32. Kf2 a6 33. Ke3 d4+
34. Kd2 Ke7 35. Be4 d3 36. Rb8 Rd4 37. Rxb7+ Kf8 38. Bh7 Bb5 39. b3 Rf4 40. a4
Rf2+ 41. Kd1 Rf1+ 42. Kd2 Rf2+ 43. Kd1 Bc6 44. Rc7 Bxg2 45. Bxd3 Bf3+ 46. Ke1
Rxh2 47. Bxa6 g3 48. Rc3 Rh1+ 49. Kd2 g2 50. Rxf3+ Ke7 51. Rg3 g1=Q 52. Rxg1
Rxg1 53. Bb7 Kd7 54. a5 Kc7 55. Bf3 Rg5 56. b4 Rxe5 57. Kd3 h5 58. Kd4 Rf5 59.
Be4 Rg5 60. Kc4 Rg4 61. Kd4 h4 62. b5 h3 63. b6+ Kb8 64. Ke5 Rxe4+ 0-1

[Event "11. Europa ch 2010 Femenino"]
[Site "Rijeka CRO"]
[Date "2010.03.11"]
[Round "6.46"]
[White "Schneider, Veronika"]
[Black "Ivakhinova, Inna"]
[Result "1-0"]
[WhiteElo "2314"]
[BlackElo "2218"]
[PlyCount "50"]
[EventDate "2010.03.06"]
[EventType "swiss"]
[EventRounds "11"]
[EventCountry "CRO"]
[Source "lmi"]
[SourceDate "2010.03.06"]

1. e4 d6 2. Nf3 Nf6 3. Nc3 e5 4. d4 Nbd7 5. Bc4 Be7 6. O-O O-O 7. Re1 a6 8. a4
b6 9. Be3 Bb7 10. d5 Nh5 11. Bf1 g6 12. Bh6 Ng7 13. Qd2 Nf6 14. h3 Kh8 15. a5
b5 16. Na2 Ng8 17. Bxg7+ Kxg7 18. c4 bxc4 19. Bxc4 f5 20. Nb4 fxe4 21. Rxe4 Nf6
22. Ng5 Bc8 23. Re3 c5 24. dxc6 d5 25. Bd3 e4 1-0

[Event "11. Europa ch 2010 Femenino"]
[Site "Rijeka CRO"]
[Date "2010.03.11"]
[Round "6.48"]
[White "Mamedjarova, Zeinab"]
[Black "Fuchs, Judith"]
[Result "1/2-1/2"]
[WhiteElo "2289"]
[BlackElo "2222"]
[PlyCount "123"]
[EventDate "2010.03.06"]
[EventType "swiss"]
[EventRounds "11"]
[EventCountry "CRO"]
[Source "lmi"]
[SourceDate "2010.03.06"]

1. d4 Nf6 2. c4 e6 3. Nf3 b6 4. a3 Bb7 5. Nc3 d5 6. Bg5 Be7 7. e3 Nbd7 8. Rc1
c5 9. cxd5 exd5 10. dxc5 bxc5 11. Bd3 O-O 12. O-O h6 13. Bh4 Ne4 14. Bxe7 Qxe7
15. Qe2 Rab8 16. Rfd1 Rfd8 17. Bb1 Nxc3 18. Rxc3 d4 19. Rc2 d3 20. Rxd3 Ba6 21.
Rc1 Bxd3 22. Qxd3 Nf6 23. Qc3 Qb7 24. h3 Qb3 25. Qxb3 Rxb3 26. Ne5 Rxb2 27. Bd3
Rd2 28. Rc3 c4 29. Bxc4 Kf8 30. Rb3 Nd7 31. Nxd7+ R8xd7 32. e4 Rc7 33. Bd5 g5
34. h4 Kg7 35. hxg5 hxg5 36. Rg3 f6 37. Rf3 Kg6 38. Rb3 Rdc2 39. Rb8 Rc1+ 40.
Kh2 Rh7+ 41. Kg3 Rc3+ 42. f3 Rxa3 43. e5 Re7 44. Rg8+ Kf5 45. exf6 Kxf6 46. Kg4
Rg7 47. Re8 Ra4+ 48. Be4 Ra5 49. g3 Re5 50. Rh8 Ke7 51. Rh6 Re6 52. Rh8 Kd6 53.
Bf5 Ree7 54. f4 gxf4+ 55. Kxf4 a5 56. g4 a4 57. g5 a3 58. Rd8+ Kc5 59. Rd2 Ra7
60. Be6 Ra6 61. Ba2 Rb6 62. Kf5 1/2-1/2

[Event "11. Europa ch 2010 Femenino"]
[Site "Rijeka CRO"]
[Date "2010.03.11"]
[Round "6.49"]
[White "Hoolt, Sarah"]
[Black "Kovanova, Baira"]
[Result "0-1"]
[WhiteElo "2215"]
[BlackElo "2385"]
[PlyCount "54"]
[EventDate "2010.03.06"]
[EventType "swiss"]
[EventRounds "11"]
[EventCountry "CRO"]
[Source "lmi"]
[SourceDate "2010.03.06"]

1. e4 e5 2. Nf3 Nc6 3. Bc4 Nf6 4. d3 Bc5 5. Bb3 d6 6. c3 a6 7. O-O O-O 8. Nbd2
Ba7 9. h3 Ne7 10. Re1 Ng6 11. Nf1 Nh5 12. d4 Nhf4 13. Bxf4 Nxf4 14. dxe5 Bxh3
15. gxh3 Nxh3+ 16. Kg2 Qc8 17. Nd4 Nf4+ 18. Kg3 Qh3+ 19. Kxf4 dxe5+ 20. Kxe5
Qh4 21. Nf5 Rfe8+ 22. Kd5 Rad8+ 23. Kc4 Rxe4+ 24. Rxe4 Qxe4+ 25. Nd4 b5+ 26.
Kb4 Qe7+ 27. Ka5 Bb6+ 0-1

[Event "11. Europa ch 2010 Femenino"]
[Site "Rijeka CRO"]
[Date "2010.03.11"]
[Round "6.50"]
[White "Kazimova, Narmin Nizami Qizi"]
[Black "Dworakowska, Joanna"]
[Result "0-1"]
[WhiteElo "2212"]
[BlackElo "2356"]
[PlyCount "108"]
[EventDate "2010.03.06"]
[EventType "swiss"]
[EventRounds "11"]
[EventCountry "CRO"]
[Source "lmi"]
[SourceDate "2010.03.06"]

1. Nf3 d6 2. d4 g6 3. c4 Bg7 4. Nc3 Bg4 5. h3 Bxf3 6. gxf3 Nd7 7. e4 e5 8. d5
Bh6 9. Bxh6 Nxh6 10. Qd2 Qh4 11. Nb5 Kd8 12. Qa5 b6 13. Qd2 Rf8 14. c5 dxc5 15.
d6 c6 16. Nc7 Rb8 17. Qc3 Ng8 18. b4 Ngf6 19. Be2 Nxe4 20. fxe4 Qxe4 21. Rg1
cxb4 22. Qd2 Qd4 23. Qg5+ Kc8 24. Ba6+ Rb7 25. Bxb7+ Kxb7 26. Rd1 Qc3+ 27. Qd2
Nc5 28. Qxc3 bxc3 29. Rg3 c2 30. Rc1 Rd8 31. Rf3 f5 32. Rxc2 Rxd6 33. Ne8 Re6
34. Ng7 Re7 35. Nxf5 gxf5 36. Rxf5 Nd3+ 37. Kf1 c5 38. Rc3 Rd7 39. Ke2 Nf4+ 40.
Kf3 Ng6 41. Rf6 Rc7 42. Ke4 b5 43. Rb3 b4 44. Kd5 Ne7+ 45. Kxe5 a5 46. Rf7 c4
47. Rb1 Nc6+ 48. Kf6 Rxf7+ 49. Kxf7 c3 50. Rc1 a4 51. Ke6 c2 52. Rxc2 Nd4+ 53.
Kd5 Nxc2 54. Kc4 b3 0-1

[Event "11. Europa ch 2010 Femenino"]
[Site "Rijeka CRO"]
[Date "2010.03.11"]
[Round "6.52"]
[White "Danelia, Mariam"]
[Black "Borosova, Zuzana"]
[Result "1/2-1/2"]
[WhiteElo "2199"]
[BlackElo "2307"]
[PlyCount "44"]
[EventDate "2010.03.06"]
[EventType "swiss"]
[EventRounds "11"]
[EventCountry "CRO"]
[Source "lmi"]
[SourceDate "2010.03.06"]

1. d4 Nf6 2. c4 e6 3. Nc3 Bb4 4. Qc2 O-O 5. a3 Bxc3+ 6. Qxc3 b6 7. Bg5 Bb7 8.
e3 d6 9. Ne2 Nbd7 10. Qc2 c5 11. Rd1 Qc8 12. Nc3 cxd4 13. Rxd4 d5 14. cxd5 Nxd5
15. Bd3 h6 16. Bh4 Nc5 17. Nxd5 Nxd3+ 18. Qxd3 exd5 19. Qd1 Qf5 20. O-O Rac8
21. Be7 Rfe8 22. Bb4 Rc4 1/2-1/2

[Event "11. Europa ch 2010 Femenino"]
[Site "Rijeka CRO"]
[Date "2010.03.11"]
[Round "6.53"]
[White "Solic, Kristina"]
[Black "Aginian, Nelly"]
[Result "1-0"]
[WhiteElo "2192"]
[BlackElo "2296"]
[PlyCount "67"]
[EventDate "2010.03.06"]
[EventType "swiss"]
[EventRounds "11"]
[EventCountry "CRO"]
[Source "lmi"]
[SourceDate "2010.03.06"]

1. d4 d5 2. c4 c6 3. Nf3 Nf6 4. e3 e6 5. b3 Nbd7 6. Bb2 Bd6 7. Bd3 Qe7 8. Ne5
c5 9. O-O O-O 10. Nd2 Rd8 11. f4 cxd4 12. exd4 Ba3 13. Bxa3 Qxa3 14. c5 Nb8 15.
Ndf3 Bd7 16. Qe1 Nc6 17. Qh4 Qb4 18. a3 Qxb3 19. Ng5 h6 20. Ngxf7 Nxe5 21.
Nxh6+ gxh6 22. Qg3+ Kh8 23. fxe5 Ne4 24. Qh3 Qc3 25. Qxh6+ Kg8 26. Qg6+ Kh8 27.
Bxe4 Qxd4+ 28. Kh1 dxe4 29. Qf6+ Kh7 30. Qf7+ Kh8 31. Qh5+ Kg8 32. Rad1 Qe3 33.
Qg6+ Kh8 34. Rf7 1-0

[Event "11. Europa ch 2010 Femenino"]
[Site "Rijeka CRO"]
[Date "2010.03.11"]
[Round "6.54"]
[White "Makka, Ioulia"]
[Black "Calzetta Ruiz, Monica"]
[Result "0-1"]
[WhiteElo "2180"]
[BlackElo "2296"]
[PlyCount "62"]
[EventDate "2010.03.06"]
[EventType "swiss"]
[EventRounds "11"]
[EventCountry "CRO"]
[Source "lmi"]
[SourceDate "2010.03.06"]

1. e4 c5 2. Nf3 d6 3. d4 cxd4 4. Nxd4 Nf6 5. Nc3 g6 6. Be3 Bg7 7. f3 Nc6 8. Qd2
Bd7 9. O-O-O h5 10. Kb1 Rc8 11. g3 Qa5 12. h3 a6 13. f4 Nxd4 14. Bxd4 e5 15.
fxe5 dxe5 16. Be3 Rxc3 17. bxc3 O-O 18. c4 Qa4 19. Bd3 Be6 20. Qc3 Rc8 21. Qb3
Qc6 22. Rh2 Nxe4 23. Rg1 Nc5 24. Qb4 e4 25. Be2 Na4 26. Bd2 e3 27. Be1 b5 28.
g4 bxc4 29. c3 Be5 30. Bg3 Bxc3 31. Qe7 Qb5+ 0-1

[Event "11. Europa ch 2010 Femenino"]
[Site "Rijeka CRO"]
[Date "2010.03.11"]
[Round "6.55"]
[White "Partac, Elena"]
[Black "Sandu, Mihaela"]
[Result "1-0"]
[WhiteElo "2172"]
[BlackElo "2278"]
[PlyCount "55"]
[EventDate "2010.03.06"]
[EventType "swiss"]
[EventRounds "11"]
[EventCountry "CRO"]
[Source "lmi"]
[SourceDate "2010.03.06"]

1. e4 c5 2. Nc3 Nc6 3. g3 g6 4. Bg2 Bg7 5. d3 d6 6. Nge2 Nf6 7. O-O O-O 8. h3
Rb8 9. f4 Bd7 10. g4 b5 11. Ng3 a5 12. f5 b4 13. Nce2 Nd4 14. Bf4 Ne8 15. c3
bxc3 16. bxc3 Nxe2+ 17. Nxe2 Rb2 18. Qc1 Qb8 19. Rb1 Rxb1 20. Qxb1 Nc7 21. Qc2
Nb5 22. Qc1 Qb6 23. Bh6 Bxh6 24. Qxh6 c4+ 25. Kh1 cxd3 26. g5 gxf5 27. Ng3 f6
28. g6 1-0